000 01323cam a2200217 4500
008 020606n2002 000 0 eng u
035 _a(Sirsi) u118293
245 _aEllis v Lambeth LBC
260 _c2002
490 _aRating and Valuation Reporter
_v[2002] RVR 94-96(3)
520 _aCA 9 July 1999. Appeal by respondent (L) from earlier judgement that claimant (E) had acquired title to and was entitled to be registered as the proprietor of a squatted in Lambeth property which L had been trying to sell since 1993. E issued proceedings in 1997 to seek a declaration that he had become owner by adverse possession since 1983. L had sent two community charge registration forms to the property but neither form was completed. L contended that the non-completion of the forms was a representation of silence that the property was unoccupied and that E was estopped from asserting adverse possession. "Held" appeal dismissed as L had failed to show that its detriment was material and the immateriality negated any estoppel.
650 _aELLIS V LAMBETH LBC
650 _aESTOPPEL
650 _aREPRESENTATION BY SILENCE
650 _aCOMMUNITY CHARGE FORM
650 _aLIMITATION ACT 1990
650 _aSQUATTERS
650 _aMATERIAL DETRIMENT
690 _aPROPERTY AND LAND LAW-CASE LAW
942 _n0
999 _c70424
_d70424